Hitler. Ariadna. Lutero / (Registro nro. 19514)
[ vista simple ]
| 000 -CABECERA | |
|---|---|
| campo de control de longitud fija | 00739nam a2200229 a 4500 |
| 001 - NÚMERO DE CONTROL | |
| campo de control | 000020002 |
| 005 - FECHA Y HORA DE LA ÚLTIMA TRANSACCIÓN | |
| campo de control | 20200929170226.0 |
| 008 - DATOS DE LONGITUD FIJA--INFORMACIÓN GENERAL | |
| campo de control de longitud fija | 100709s1969 sp 001 d spa d |
| 040 ## - FUENTE DE LA CATALOGACIÓN | |
| Centro catalogador/agencia de origen | DO-SdBNP |
| Lengua de catalogación | spa |
| Centro/agencia transcriptor | BNPHU |
| 082 ## - NÚMERO DE LA CLASIFICACIÓN DECIMAL DEWEY | |
| Número de clasificación | 862.6 |
| Número de documento/Ítem | C185h |
| 049 ## - FONDOS LOCALES (OCLC) | |
| Fondos de biblioteca | BNGR |
| 100 1# - ENTRADA PRINCIPAL--NOMBRE DE PERSONA | |
| Nombre de persona | Camón Aznar, José, |
| Fechas asociadas al nombre | 1898-1979 |
| 9 (RLIN) | 41959 |
| 245 10 - MENCIÓN DE TÍTULO | |
| Título | Hitler. Ariadna. Lutero / |
| Mención de responsabilidad, etc. | José Camón Aznar. |
| 260 ## - PUBLICACIÓN, DISTRIBUCIÓN, ETC. | |
| Lugar de publicación, distribución, etc. | Madrid : |
| Nombre del editor, distribuidor, etc. | Espasa-Calpe, |
| Fecha de publicación, distribución, etc. | 1969. |
| 300 ## - DESCRIPCIÓN FÍSICA | |
| Extensión | 147, [18] p. ; |
| Dimensiones | 18 cm. |
| 490 1# - MENCIÓN DE SERIE | |
| Mención de serie | Austral. Violeta: teatro y poesía |
| Designación de volumen o secuencia | 1494 |
| 500 ## - NOTA GENERAL | |
| Nota general | Incluye índice de autores. |
| 650 #4 - PUNTO DE ACCESO ADICIONAL DE MATERIA--TÉRMINO DE MATERIA | |
| Término de materia o nombre geográfico como elemento de entrada | Teatro español |
| 9 (RLIN) | 3071 |
| 650 #4 - PUNTO DE ACCESO ADICIONAL DE MATERIA--TÉRMINO DE MATERIA | |
| Término de materia o nombre geográfico como elemento de entrada | Literatura española |
| 9 (RLIN) | 632 |
| 830 #0 - PUNTO DE ACCESO ADICIONAL DE SERIE-TÍTULO UNIFORME | |
| Título uniforme | Austral. |
| Nombre de parte o sección de la obra | Violeta: teatro y poesía; |
| Designación de volumen o secuencia | 1494 |
| 9 (RLIN) | 39559 |
| 910 ## - DATOS DE OPCIÓN DEL USUARIO (OCLC) | |
| Datos de opción del usuario | Catalogacion por copia WM |
| Estado de retiro | Estado de pérdida | Restricciones de uso | No para préstamo | Código de colección | Localización permanente | Ubicación/localización actual | Ubicación en estantería | Fecha de adquisición | Número de inventario | Total de préstamos | Signatura topográfica completa | Código de barras | Fecha visto por última vez | Precio válido a partir de | Tipo de ítem Koha |
|---|---|---|---|---|---|---|---|---|---|---|---|---|---|---|---|
| Monografías: Libros y Folletos | General | General | Depósito | 12.08.2010 | LF1 | 862.6 C185h | 20002-10 | 25.06.2020 | 25.06.2020 | Préstamo en sala |
